00580 a2200169 450000500170000000800410001701000140005802000110007203500130008303700150009608200080011110000240011924501060014326000720024927000640032130000250038520080908152832.0080908t xxu||||| |||| 00| 0 eng d aENG-87671 c100.00 aEN-71204 bDBAD / PUB a260 aNanak Singh Nishter aSri Guru Granth Sahib (Universal scripture of Mankind)bteachings for Muslimscby Nanak Singh Nishter aHyderabadbInternational Sikh Centre for Interfaith relationsc2007 aSant Bhavan, 15-3-137, Gowliguda ChamanbHyderabade500 012 a198 p.c21 cm ( Hb.)